From the inside out (Record no. 65728)

MARC details
000 -LEADER
fixed length control field 01163cam a2200217 4500
001 - CONTROL NUMBER
control field ABS63354
008 - FIXED-LENGTH DATA ELEMENTS--GENERAL INFORMATION
fixed length control field 000000n2000 000 0 eng u
035 ## - SYSTEM CONTROL NUMBER
System control number (Sirsi) u110222
100 ## - MAIN ENTRY--PERSONAL NAME
Personal name Baker, B
245 ## - TITLE STATEMENT
Title From the inside out
260 ## - PUBLICATION, DISTRIBUTION, ETC.
Date of publication, distribution, etc. 2000
490 ## - SERIES STATEMENT
Series statement Surveyor
Volume/sequential designation 187(5610) 30 November 2000, 12-14(3)
520 ## - SUMMARY, ETC.
Summary, etc. Investigation into the regeneration of retail town centres and how these are important in transforming surrounding areas. Looks in particular at the winners of the British Council for Shopping Centres (BSCS) Town Centre Environment Awards and how they have improved the town centre environment. Pedestrianiation and other public sector work in town centres may now becoming more popular as links to private investment are clarified This will provide new challenges and opportunities for local government as they become involved in design competitions and artwork programmes, not just re-routing traffic and managing cleaning.
590 ## - LOCAL NOTE (RLIN)
Local note ABS
650 ## - SUBJECT ADDED ENTRY--TOPICAL TERM
Topical term or geographic name entry element URBAN REGENERATION
650 ## - SUBJECT ADDED ENTRY--TOPICAL TERM
Topical term or geographic name entry element TOWN CENTRES
650 ## - SUBJECT ADDED ENTRY--TOPICAL TERM
Topical term or geographic name entry element RETAIL CENTRES
650 ## - SUBJECT ADDED ENTRY--TOPICAL TERM
Topical term or geographic name entry element BRITISH COUNCIL FOR SHOPPING CENTRES
690 ## - LOCAL SUBJECT ADDED ENTRY--TOPICAL TERM (OCLC, RLIN)
Topical term or geographic name as entry element REGENERATION
942 ## - ADDED ENTRY ELEMENTS (KOHA)
Suppress in OPAC 0
Holdings
Withdrawn status Lost status Source of classification or shelving scheme Damaged status Not for loan Home library Current library Shelving location Date acquired Total Checkouts Full call number Barcode Date last seen Copy number Price effective from Koha item type
    Dewey Decimal Classification     London London Journal article 08/01/2001   ABS63354 110222-1001 06/08/2019 1 06/08/2019 Journal article